|
|
|
|
| LEADER |
00710nta a2200181 i 4500 |
| 001 |
dipl112910 |
| 005 |
20210427081608.0 |
| 008 |
210415s2007 hu om 0|| zxx d |
| 040 |
|
|
|a SZTE Diploma Repozitórium
|b hun
|
| 041 |
|
|
|a zxx
|
| 100 |
1 |
|
|a Bencsik Anett
|
| 245 |
1 |
0 |
|a Természetvédelmi területek és természeti értékek Csongrádon
|h [elektronikus dokumentum] /
|c Anett Bencsik
|
| 246 |
1 |
0 |
|a Enviromental protection areas and natural values in Csongrád
|h [elektronikus dokumentum]
|
| 260 |
|
|
|c 2007
|
| 650 |
|
4 |
|a Természettudományok
|
| 650 |
|
4 |
|a Environmental sciences
|
| 700 |
1 |
|
|a Karancsi Zoltán
|e ths
|
| 856 |
4 |
0 |
|u http://diploma.bibl.u-szeged.hu/id/eprint/112910/1/2007_bencsik_anett.pdf
|z Dokumentum-elérés
|